Social attraction used to establish Caspian Tern (Hydroprogne caspia) nesting colonies on modified islands at the Don Edwards San Francisco Bay National Wildlife Refuge, California--final report /

Bibliographic Details
Main Author: Hartman, C. Alex (Author)
Corporate Authors: United States. Army. Corps of Engineers, United States. Bureau of Reclamation
Format: Government Document eBook
Language:English
Published: Reston, Virginia : U.S. Department of the Interior, U.S. Geological Survey, 2018.
Series:U.S. Geological Survey open-file report ; 2018-1136.
Subjects:
Online Access:https://purl.fdlp.gov/GPO/gpo111240

MARC

Tag First Indicator Second Indicator Subfields
LEADER 00000nam a2200000Ii 4500
001 in00004019313
005 20190117124627.0
006 m o d f
007 cr cn|||||||||
008 181109s2018 vauab ob f000 0 eng d
035 |a (OCoLC)on1062364051 
043 |a n-us-ca 
040 |a GPO  |b eng  |e rda  |e pn  |c GPO  |d MvI 
049 |a WWW 
074 |a 0624-H (online) 
086 0 |a I 19.76:2018-1136 
100 1 |a Hartman, C. Alex,  |e author. 
245 1 0 |a Social attraction used to establish Caspian Tern (Hydroprogne caspia) nesting colonies on modified islands at the Don Edwards San Francisco Bay National Wildlife Refuge, California--final report /  |c by C. Alex Hartman [and five others] ; prepared in cooperation with the U.S. Army Corps of Engineers and the Bureau of Reclamation. 
264 1 |a Reston, Virginia :  |b U.S. Department of the Interior, U.S. Geological Survey,  |c 2018. 
300 |a 1 online resource (vi, 41 pages) :  |b color illustrations, color maps. 
336 |a text  |b txt  |2 rdacontent 
337 |a computer  |b c  |2 rdamedia 
338 |a online resource  |b cr  |2 rdacarrier 
490 1 |a Open-file report ;  |v 2018-1136 
504 |a Includes bibliographical references (pages 15-16). 
588 |a Description based on online resource; title from PDF title page (USGS, viewed Nov. 9, 2018). 
650 0 |a Caspian tern  |x Breeding  |z California  |z Don Edwards San Francisco Bay National Wildlife Refuge. 
650 0 |a Snowy plover  |x Breeding  |z California  |z Don Edwards San Francisco Bay National Wildlife Refuge. 
710 2 |a Geological Survey (U.S.),  |e issuing body. 
710 1 |a United States.  |b Army.  |b Corps of Engineers. 
710 1 |a United States.  |b Bureau of Reclamation. 
830 0 |a U.S. Geological Survey open-file report ;  |v 2018-1136. 
856 4 0 |u https://purl.fdlp.gov/GPO/gpo111240  |t 0 
999 f f |s ced9593c-ff45-3ddb-ba2c-3eaca24ddc7d  |i 7771ae15-3a66-33ef-892e-41d324e8fccc  |t 0 
952 f f |a Texas A&M University  |b College Station  |c Electronic Resources  |d Available Online  |t 0  |e I 19.76:2018-1136  |h Superintendent of Documents classification 
998 f f |a I 19.76:2018-1136  |t 0  |l Available Online